Primavera con una esquina rota / (Registro nro. 3058)

Detalles MARC
000 -LEADER
fixed length control field 00945nam a2200205 4500
008 - CAMPO DE CONTROL (LIBRO)
fixed length control field 200210s2000 a ||||gr|||| 001 1 spa d
020 ## - INTERNATIONAL STANDARD BOOK NUMBER
ISBN 9500718332
041 ## - CODIGO DE IDIOMA
Código de idioma del texto/pista de sonido o título separado spa
092 ## - SIGNATURA TOPOGRAFICA DEWEY LOCAL
número de clasificación 808
libristica 6
sección BEN
100 1# - ENTRADA PRINCIPAL--NOMBRE PERSONAL
Nombre personal Benedetti, Mario.
9 (RLIN) 3212
245 ## - TITULO PROPIAMENTE DICHO
Título Primavera con una esquina rota /
Mención de responsabilidad y remanente de la transcripción de la portada Mario Benedetti.
250 ## - MENCION DE EDICION
Mención de edición 1a ed.
260 ## - PIE DE IMPRENTA
Lugar de publicación, distribución, etc Buenos Aires:
Nombre de la editorial, distribuidor, etc Sudamericana;
Fecha de publicación 2000.
300 ## - DESCRIPCION FISICA
Extension 185 p.
500 ## - NOTA GENERAL
Nota general Benedetti, M. (2000). Primavera con una esquina rota. (1a ed.). Buenos Aires : Sudamericana.<br/>
505 ## - NOTA DE CONTENIDO
Nota de contenido formateada Escrita entre 1980 y 1981, la novela Primavera con una esquina rota proyecta desde distintas perspectivas visiones contrastantes del país de la añoranza y logra, mediante un estilo directo y contundente, transmitir la nostalgia y los múltiples sentimientos del destierro, que van del inmediato dolor a la esperanza de felicidad.
590 ## - NOTAS LOCALES (RLIN)
Nota local Donación, febrero 2020.
655 ## - MATERIA - GENERO/FORMA
Género/Forma Literatura
-- 2917
942 ## - ADDED ENTRY ELEMENTS (KOHA)
Source of classification or shelving scheme Dewey Decimal Classification
Item type LITERATURA
Existencias
Estado de retiro Existencia Fuente de clasificación Estado general No para prestamo Ubicación permanente ubicación actual Sala de ubicación Fecha de adquisición Fuente de adquisición Total Checkouts Número de clasificación Código de barras Date last seen Número de ejemplar Price effective from Koha tipo de elemento (item) Public note
    Dewey Decimal Classification     Biblioteca Medicina Biblioteca Medicina Circulación 10/02/2020 Donación, febrero 2020.   808 6 BEN 4607 10/02/2020 Ej. 1 10/02/2020 LITERATURA Donación, febrero 2020.

UNIVERSIDAD NACIONAL DEL COMAHUE
Biblioteca de la Facultad de Ciencias Médicas
Sede Toschi: Los Arrayanes y Av. Toschi, Cipolletti  - Rio Negro
Sede Los Tordos:  Yrigoyen al 2211, Cipolletti - Rio Negro 

Teléfono: 0299 - 4774707 int 25
Contacto: biblioteca@facimed.uncoma.edu.ar
© 2011 - 2026